Central Library OPAC University of Rajshahi

Correlates of High-Risk and Low-Risk Childbearing Pattern in Bangladesh / (Record no. 79531)

MARC details
000 -LEADER
fixed length control field 01123nam a2200301 a 4500
001 - CONTROL NUMBER
RUCL Control Number 79531
003 - CONTROL NUMBER IDENTIFIER
rucl marc code BD-RjUL
005 - DATE AND TIME OF LATEST TRANSACTION
control field 20220423105542.0
008 - FIXED-LENGTH DATA ELEMENTS--GENERAL INFORMATION
fixed length control field 220309s2004 bg a|||| m||| 00| 0 eng d
035 ## - SYSTEM CONTROL NUMBER
system control number BD-RjUL79531
040 ## - CATALOGING SOURCE
Original cataloging agency BD-RjUL
Language of cataloging eng
Transcribing agency BD-RjUL
Modifying agency BD-RjUL
041 ## - LANGUAGE CODE
Language code of Book eng
082 ## - DEWEY DECIMAL CLASSIFICATION NUMBER
Classification number 312..304
Author mark and Year CHC 2004
DDC Edition number 23
100 ## - MAIN ENTRY--PERSONAL NAME
Personal name Chowdhury, Md. Abdul Mazed
9 (RLIN) 1790
245 01 - TITLE STATEMENT
Title Correlates of High-Risk and Low-Risk Childbearing Pattern in Bangladesh /
Statement of responsibility, etc Md. Abdul Mazed Chowdhury ;
Name of Supervisor/Co-Supervisor Supervisor : Samad Abedin
260 ## - PUBLICATION, DISTRIBUTION, ETC. (IMPRINT)
Place of publication, distribution, etc Rajshahi :
Name of publisher, distributor, etc Department of Statistics, University of Rajshahi,
Date of publication, distribution, etc 2004
300 ## - PHYSICAL DESCRIPTION
Pagination xiii, 131 Leaves :
Other physical details ill. ;
Dimensions 29 cm.
502 ## - DISSERTATION NOTE
Dissertation note Thesis (Ph.D.) -- Department of Statistics, University of Rajshahi, 2004
504 ## - BIBLIOGRAPHY, ETC. NOTE
Bibliography, etc References : Leaves [113]-131
600 ## - SUBJECT ADDED ENTRY--PERSONAL NAME
Chronological subdivision
-- 2671
650 ## - SUBJECT ADDED ENTRY--TOPICAL TERM
Topical term or geographic name as entry element Age-specific fertility rates
9 (RLIN) 2672
Topical term or geographic name as entry element delayed childbearing
9 (RLIN) 2673
Topical term or geographic name as entry element early childbearing
9 (RLIN) 2674
Topical term or geographic name as entry element Teenage mothers
Geographic subdivision Bangladesh
9 (RLIN) 2675
651 ## - SUBJECT ADDED ENTRY--GEOGRAPHIC NAME
Geographic name Bangladesh
General subdivision Population.
9 (RLIN) 2676
700 ## - ADDED ENTRY--SUPERVISOR/CO-SUPERVISOR NAME
Personal name Abedin, Samad, Supervisor
9 (RLIN) 1334
942 ## - ADDED ENTRY ELEMENTS (KOHA)
Source of classification or shelving scheme Dewey Decimal Classification
Koha item type Theses
Holdings
Source of classification or shelving scheme Damaged status Not for loan Collection code Permanent Location Current Location Shelving location Date of accession Source of acquisition Full call number Barcode Date last seen Copy number Thesis
Dewey Decimal Classification   Not For Loan Theses Central Library, University of Rajshahi Central Library, University of Rajshahi Documentation Section 21/07/2005 Controller of Exam., R.U THE 304.63 CHC 2004 D2409 09/03/2022 C-1 Theses